[Event "Rochefort op-A 19th"]
[Site "Rochefort"]
[Date "2020.02.22"]
[Round "1"]
[White "Van den Doel, Erik"]
[Black "Bailleul, Adrien"]
[Result "1-0"]
[WhiteElo "2583"]
[BlackElo "2061"]
[PlyCount "47"]
[EventDate "2020.02.22"]
[EventType "swiss"]
[EventRounds "9"]
[EventCountry "FRA"]
[SourceTitle "CBM 195 Extra"]
[Source "ChessBase"]
[SourceDate "2020.05.31"]
[SourceVersion "1"]
[SourceVersionDate "2020.05.31"]
[SourceQuality "1"]

1. d4 Nf6 2. Nf3 c5 3. c3 d5 4. dxc5 e6 5. Be3 Nbd7 6. b4 a5 7. Nbd2 axb4 8. cxb4 e5 9. Bg5 Be7 10. e3 0-0 11. Be2 e4 12. Nd4 Ne5 13. 0-0 b6 14. N2b3 bxc5 15. Nxc5 Bxc5 16. bxc5 Ba6 17. a4 Bxe2 18. Qxe2 Nd3 19. c6 Qd6 20. Rfb1 Rfb8 21. Rxb8+ Rxb8 22. a5 Rb2 23. Qxb2 Nxb2 24. a6 1-0